01133 2200181 4500245003900000020002200039250001100061100001400072700002200086650001700108005001900125260003000144041001400174084001100188300002300199500072000222336000900942 aHer Second ChoicecRahmanidahText a978-623-310-217-9 aCet. 2 aRahmanida aAlifianisa Andary aFiksi Remaja a20250319065718 aJakartabRomanciousc2024 aIndonesia a808.83 a320 hlm. :c19 cm. a"Emang boleh tetangga semenyebalkan itu?Bagi Ara, Adrian itu cowok paling menyebalkan yang pernah ia kenal. Adrian sering banget jahil dan usil sama Ara. Kerjaannya, kalau nggak bikin Ara marah-marah, ya, bikin Ara naik darah.Namun, tanpa Ara ketahui, sebenarnya Adrian mengganggunya hanya untuk mencari perhatian. Laki-laki itu sebenarnya menyimpan perasaan untuk Ara. Sayangnya, perasaan itu hanya bisa Adrian pendam karena nyatanya Ara telah menyukai orang lain. Adrian hanya menjadi pilihan kedua Ara.Lalu, apakah Adrian bisa mendapatkan hati Ara seutuhnya? Atau, Adrian selamanya akan menjadi pilihan kedua perempuan itu?Ara: Masa gini doang gue baper? Dih. Dasar alay.Adrian: Minggir, second choice mau maju." atext